Vista normal
Vista MARC
- Federación Nacional de Cultivadores de Palma de Aceite, Fedepalma [Colombia]
Entrada Nombre corporativo
Número de registros utilizados en: 854
001 - NÚMERO DE CONTROL
- campo de control: 36940
003 - IDENTIFICADOR DEL NÚMERO DE CONTROL
- campo de control: OSt
005 - FECHA Y HORA DE LA ÚLTIMA TRANSACCIÓN
- campo de control: 20210309093153.0
008 - DATOS DE LONGITUD FIJA
- campo de control de longitud fija: 151207|| aca||aabn | a|a d
040 ## - FUENTE DE LA CATALOGACIÓN
- Centro catalogador/agencia de origen: CO-BoFNCP
110 10 - ENCABEZAMIENTO-NOMBRE DE ENTIDAD CORPORATIVA
- Nombre de entidad corporativa o nombre de jurisdicción como elemento de entrada: Federación Nacional de Cultivadores de Palma de Aceite, Fedepalma [Colombia]
510 ## - TRAZADO DE VÉASE ADEMÁS--NOMBRE DE ENTIDAD CORPORATIVA
- Nombre de entidad corporativa o nombre de jurisdicción como elemento de entrada: Federación Nacional de Cultivadores de Palma Africana, Fedepalma [Colombia]
510 ## - TRAZADO DE VÉASE ADEMÁS--NOMBRE DE ENTIDAD CORPORATIVA
- Nombre de entidad corporativa o nombre de jurisdicción como elemento de entrada: National Federation of Oil Palm Growers, Fedepalma [Colombia]
670 ## - FUENTE DE DATOS ENCONTRADOS
- Cita de la fuente: Work cat.: (OSt)14830: Congreso Nacional de Cultivadores de Palma de Aceite XXI Mayo, 1993 Santa Marta 43931, Material de trabajo, 1993
670 ## - FUENTE DE DATOS ENCONTRADOS
- Cita de la fuente: Work cat.: (OSt)30013: Federación Nacional de Cultivadores de Palma de Aceite. Fedepalma, Condiciones para el desarrollo del cultivo de la palma de aceite para la obtención de altos rendimientos, 2010
670 ## - FUENTE DE DATOS ENCONTRADOS
- Cita de la fuente: Work cat.: (OSt)26781: Federación Nacional de Cultivadores de Palma de Aceite, Fedepalma, Innovación tecnologíca en el sector palmero